[Event "Medellin Flores op 30th"]
[Site "Medellin"]
[Date "2023.08.04"]
[Round "2"]
[White "Gallego Carvajal, Miguel Angel"]
[Black "Garcia, Ricardo"]
[Result "1-0"]
[WhiteElo "1696"]
[BlackElo "1688"]
[PlyCount "29"]
[EventDate "2023.08.03"]
[EventType "swiss"]
[EventRounds "9"]
[EventCountry "COL"]
[SourceTitle "EXT 2024"]
[Source "ChessBase"]
[SourceDate "2023.10.10"]
[SourceVersion "1"]
[SourceVersionDate "2023.10.10"]
[SourceQuality "1"]

1. d4 f5 2. c4 Nf6 3. Nc3 e6 4. Nf3 Be7 5. Bf4 0-0 6. e3 b6 7. Rc1 Nh5 8. d5 Nxf4 9. exf4 d6 10. Bd3 e5 11. fxe5 dxe5 12. Bc2 e4 13. Nd4 c5 14. Nde2 Bg5 15. h4 1-0

[Event "Managua Sub zt 2.3"]
[Site "Managua"]
[Date "2014.05.01"]
[Round "7"]
[White "Garcia, Ricardo"]
[Black "Urbina, Ricardo"]
[Result "0-1"]
[WhiteElo "2237"]
[BlackElo "2249"]
[PlyCount "64"]
[EventDate "2014.04.27"]
[EventType "swiss"]
[EventRounds "9"]
[EventCountry "NCA"]
[SourceTitle "EXT 2015"]
[Source "ChessBase"]
[SourceDate "2014.11.20"]
[SourceVersion "1"]
[SourceVersionDate "2014.11.20"]
[SourceQuality "1"]

1. Nf3 d5 2. c4 c6 3. e3 Nf6 4. Nc3 Nbd7 5. d4 e6 6. Qc2 a6 7. Bd3 dxc4 8. Bxc4 b5 9. Be2 c5 10. 0-0 Bb7 11. Rd1 Qb8 12. dxc5 Bxc5 13. a3 0-0 14. Ng5 Bd6 15. g3 Rc8 16. Qd3 Be5 17. Nxh7 Bxc3 18. bxc3 Ne5 19. Nxf6+ gxf6 20. Qd6 Nf3+ 21. Bxf3 Bxf3 22. Qxb8 Raxb8 23. Rd3 e5 24. Bb2 Rd8 25. Rxd8+ Rxd8 26. Kf1 Rd2 27. Rb1 Be4 28. Ke1 Rc2 29. Bc1 Bd3 30. Rb2 Rxc1+ 31. Kd2 Rb1 32. Rb4 Rxb4 0-1

[Event "Managua Sub zt 2.3"]
[Site "Managua"]
[Date "2014.04.29"]
[Round "5"]
[White "Garcia, Ricardo"]
[Black "Huguet Mainar, Sergio"]
[Result "1-0"]
[WhiteElo "2237"]
[BlackElo "2102"]
[PlyCount "69"]
[EventDate "2014.04.27"]
[EventType "swiss"]
[EventRounds "9"]
[EventCountry "NCA"]
[SourceTitle "EXT 2015"]
[Source "ChessBase"]
[SourceDate "2014.11.20"]
[SourceVersion "1"]
[SourceVersionDate "2014.11.20"]
[SourceQuality "1"]

1. Nf3 Nf6 2. c4 g6 3. Nc3 Bg7 4. g3 0-0 5. Bg2 d6 6. d4 Nc6 7. 0-0 e5 8. d5 Ne7 9. b4 a5 10. bxa5 Rxa5 11. Nd2 Nd7 12. Nb3 Ra8 13. e4 b6 14. a4 f5 15. f3 Ba6 16. Nb5 fxe4 17. fxe4 Rxf1+ 18. Qxf1 Nf6 19. Bg5 Bxb5 20. cxb5 Qf8 21. Qc4 Bh6 22. Bxf6 Qxf6 23. Rf1 Qg5 24. Rf3 Rf8 25. Qxc7 Rxf3 26. Bxf3 Qe3+ 27. Kg2 Qxb3 28. Qxe7 Qc2+ 29. Kh3 Qf2 30. Qe6+ Kg7 31. Qg4 Be3 32. Qd7+ Kh6 33. Qf7 Kg5 34. Qe7+ Kh6 35. Kg4 1-0